[Event "Internet Section 06B g/8'+2\""]
[Site "Dos Hermanas"]
[Date "2004.03.07"]
[Round "9"]
[White "Novikov, Sergey"]
[Black "Eliezer, Manuel"]
[Result "1-0"]
[WhiteElo "1715"]
[BlackElo "1521"]
[PlyCount "37"]
[EventDate "2004.03.06"]
[EventType "swiss (blitz)"]
[EventRounds "9"]
[EventCountry "ESP"]
[SourceTitle "CBM 099 Extra"]
[Source "ChessBase"]
[SourceDate "2004.05.04"]
[SourceVersion "1"]
[SourceVersionDate "2004.05.04"]
[SourceQuality "1"]

1. e4 e5 2. f4 exf4 3. Nf3 g5 4. Bc4 d6 5. c3 Bg7 6. 0-0 Bg4 7. Qb3 Nd7 8. Bxf7+ Kf8 9. Be6 Bxf3 10. Rxf3 Ne5 11. Rh3 g4 12. Rxh7 Rxh7 13. Bxg8 f3 14. Bxh7 f2+ 15. Kxf2 Qh4+ 16. Kf1 Nd3 17. Qg8+ Ke7 18. Qxg7+ Ke6 19. Bf5# 1-0

[Event "Internet Section 06A g/8'+2\""]
[Site "Dos Hermanas"]
[Date "2004.03.06"]
[Round "3"]
[White "Denton, Brian"]
[Black "Eliezer, Manuel"]
[Result "1-0"]
[WhiteElo "1700"]
[BlackElo "1485"]
[PlyCount "73"]
[EventDate "2004.03.06"]
[EventType "swiss (blitz)"]
[EventRounds "9"]
[EventCountry "ESP"]
[SourceTitle "CBM 099 Extra"]
[Source "ChessBase"]
[SourceDate "2004.05.04"]
[SourceVersion "1"]
[SourceVersionDate "2004.05.04"]
[SourceQuality "1"]

1. e4 c5 2. Nc3 d6 3. g3 Nf6 4. Bg2 Nc6 5. d3 Bg4 6. f3 Bd7 7. Be3 e6 8. h4 Be7 9. Nge2 a6 10. 0-0 b5 11. Qd2 Qa5 12. a3 0-0 13. Kh2 Qc7 14. g4 Bc8 15. Ng3 Nd7 16. h5 Bh4 17. f4 Nf6 18. Bh3 e5 19. f5 Nd4 20. Kg2 Bxg3 21. Kxg3 a5 22. Kh4 Qe7 23. g5 h6 24. gxh6 Nxe4+ 25. Bg5 Nxd2 26. Bxe7 Nxf1 27. Rxf1 Re8 28. Bxd6 b4 29. axb4 cxb4 30. Ne4 Nxc2 31. Rg1 Kh7 32. hxg7 Nd4 33. Nf6+ Kh6 34. g8N+ Rxg8 35. Nxg8+ Kh7 36. Nf6+ Kh6 37. Bf8# 1-0